Szczegóły MARC21

Energetyka wiatrowa w wybranych aspektach /

003 -Nazwa inst., której nr kontr. jest w polu 001 [,]
    • @
    • Nazwa instytucji, której n kontrolny jest w polu 001
    • NUKAT
005 -DATA I CZAS OSTATNIEJ MODYFIKACJI [,]
    • @
    • pole kontrolne
    • 20241231094624.0
020 -Międzynarod. znormalizowany nr książki - ISBN [ , ]
    • a
    • Numer ISBN
    • 9788364541063 Find
040 -Instytucja sporządzająca opis [ , ]
    • a
    • Instytucja, która sporządziła opis (NP)
    • Ł U/ar
    • b
    • Język katalogowania
    • pol
    • e
    • Zasady katalogowania
    • rda
    • c
    • Instytucja, która sporządziła rekord (NP)
    • Ł U/ar
    • d
    • Instytucja, która zmodyfikowała rekord (P)
    • Ł U/ar
    • d
    • Instytucja, która zmodyfikowała rekord (P)
    • KAT U/DLs
    • d
    • Instytucja, która zmodyfikowała rekord (P)
    • GL 001/FAN
041 -Język dokumentu [ , ]
    • a
    • Język tekstu (P)
    • polski
    • b
    • Język streszczeń lub abstraktu (P)
    • angielski
942 -Rodzaj dokumentu [ , ]
    • c
    • Rodzaj dokumentu
    • Książka
245 -Strefa tytułu i oznaczenia odpowiedzialności [0,0]
    • a
    • Tytuł
    • Energetyka wiatrowa w wybranych aspektach / Find
    • c
    • Pozostałe elementy strefy tytułu i oznaczenia odpowiedzialności (NP)
    • Julian Maj, Piotr Kwiatkiewicz redakcja naukowa ; Wojskowa Akademia Techniczna. Wydział Logistyki/KSBiO - Zespół Logistyki Bezpieczeństwa i Obronności współpraca redakcyjna.
250 -Strefa wydania [ , ]
    • a
    • Oznaczenie wydania (NP)
    • Wydanie pierwsze.
260 -Strefa adresu wydawniczego [ , ]
    • a
    • Miejsce wydania (P)
    • Poznań :
    • b
    • Nazwa wydawcy (P)
    • Fundacja na rzecz Czystej Energii,
    • c
    • Data wydania (P)
    • 2016.
300 -Strefa opisu fizycznego [ , ]
    • a
    • Określenie formy książki i/lub objętość (NP)
    • 246 stron :
    • b
    • Oznaczenie ilustracji (NP)
    • ilustracje (w tym kolorowe) ;
    • c
    • Format (NP)
    • 25 cm.
336 -Typ zawartości [ , ]
    • a
    • Termin opisujący typ zawartości
    • Tekst
    • b
    • Kod określający zawartość
    • txt
    • 2
    • Źródło (terminu i kodu)
    • rdacontent
337 -Typ mediów [ , ]
    • a
    • Tryb odtwarzania
    • Bez urządzenia pośredniczącego
    • b
    • Kod typu mediów
    • n
    • 2
    • Źródło (terminu i kodu)
    • rdamedia
338 -Typ/rodzaj nośnika [ , ]
    • a
    • Hasło opisujące typ nośnika
    • Wolumin
    • b
    • Kod typu nośnika
    • nc
    • 2
    • Źródło (terminu i kodu)
    • rdacarrier
504 -Uwaga dot. bibliogr. załącznikowej [ , ]
    • a
    • Uwaga dot. bibliografii załącznikowej
    • Bibliografia przy rozdziałach.
546 -Uwaga dot. języka [ , ]
    • a
    • Uwaga dot. języka
    • Streszczenia w języku angielskim.
080 -Uniwersalna Klasyfikacja Dziesiętna [ , ]
    • 2
    • Identyfikator wydania tablic
    • UDC-P058
    • 9
    • UKD
    • 4865
    • a
    • Symbol klasyfikacji
    • 621.311.245
    • b
    • Dopowiedzenie
    • Elektrownie wiatrowe.
650 -Hasło przedmiotowe [ ,7]
    • a
    • Hasło przedmiotowe
    • Energia wiatru.
    • 2
    • Źródło terminu
    • kaba
    • 9
    • KHW
    • 107764
650 -Hasło przedmiotowe [ ,7]
    • a
    • Hasło przedmiotowe
    • Energia wiatru
    • z
    • Określnik geograficzny
    • Polska
    • y
    • Określnik chronologiczny
    • 1990-.
    • 2
    • Źródło terminu
    • kaba
    • 9
    • KHW
    • 391429
650 -Hasło przedmiotowe [ ,7]
    • a
    • Hasło przedmiotowe
    • Elektrownie wiatrowe
    • x
    • Określnik rzeczowy
    • aspekt środowiskowy.
    • 2
    • Źródło terminu
    • kaba
    • 9
    • KHW
    • 355372
980 -Symbol UKD [ , ]
    • a
    • UKD
    • 621.311.245
700 -Hasło dodatkowe - nazwa osobowa [1, ]
    • a
    • Nazwa osobowa (NP)
    • Maj, Julian Find
    • d
    • Daty biograficzne (NP)
    • (1948- ).
    • e
    • Określenie rodzaju współpracy
    • Redakcja
    • 9
    • KHW
    • 93402
700 -Hasło dodatkowe - nazwa osobowa [1, ]
    • a
    • Nazwa osobowa (NP)
    • Kwiatkiewicz, Piotr Find
    • d
    • Daty biograficzne (NP)
    • (1968- ).
    • e
    • Określenie rodzaju współpracy
    • Redakcja
    • 9
    • KHW
    • 77339
710 -Hasło dodatkowe - nazwa ciała zbiorowego [2, ]
    • a
    • Nazwa ciała zbiorowego lub nazwa geograficzna jako pierwszy element (NP)
    • Fundacja na rzecz Czystej Energii.
    • e
    • Rodzaj współpracy
    • Wydawca
    • 4
    • Kod relacji
    • pbl
    • 9
    • KHW
    • 77340
710 -Hasło dodatkowe - nazwa ciała zbiorowego [2, ]
    • a
    • Nazwa ciała zbiorowego lub nazwa geograficzna jako pierwszy element (NP)
    • Wojskowa Akademia Techniczna im. Jarosława Dąbrowskiego (Warszawa).
    • b
    • Nazwa jednostki podrzędnej (P)
    • Katedra Systemów Bezpieczeństwa i Obronności.
    • b
    • Nazwa jednostki podrzędnej (P)
    • Zespół Logistyki Bezpieczeństwa i Obronności.
    • e
    • Rodzaj współpracy
    • Instytucja sprawcza
    • 9
    • KHW
    • 93403
920 -ISBN [ , ]
    • a
    • ISBN
    • 978-83-64541-06-3 Find
Sygnatura Numer inwentarzowy Status udost. Data inwentaryzacji Lokalizacja
 Z.12180412016-05-04BG
 WM.19304-32016-05-04BG
 WM.19305-32016-05-04BG
 WM.19615-32017-04-07BG
 WM.19616-32017-04-07BG
T.20157T.20157-22018-04-24T